| Tag |
First Indicator |
Second Indicator |
Subfields |
| LEADER |
00000pam a2200000 a 4500 |
| 001 |
in00000084492 |
| 005 |
20151008061416.0 |
| 008 |
800328s1981 nyua j 00011 eng |
| 010 |
|
|
|a 80013506
|
| 020 |
|
|
|a 0688419720
|
| 035 |
|
|
|a (OCoLC)06222602
|
| 035 |
|
|
|9 AAJ7995AM
|
| 040 |
|
|
|a DLC
|c DLC
|d TXA
|d UtOrBLW
|
| 049 |
|
|
|a [Curr Col] TXAM
|c [1673251]
|
| 050 |
0 |
0 |
|a PZ7.C7858
|b An
|
| 082 |
0 |
|
|a [E]
|
| 100 |
1 |
|
|a Cooper, Jacqueline.
|
| 245 |
1 |
0 |
|a Angus and the Mona Lisa :
|b story and pictures /
|c by Jacqueline Cooper.
|
| 250 |
|
|
|a 1st ed.
|
| 264 |
|
1 |
|a New York :
|b Lothrop, Lee & Shepard Books,
|c [1981]
|
| 264 |
|
4 |
|c ©1981
|
| 300 |
|
|
|a 32 unnumbered pages :
|b color illustrations ;
|c 26 cm.
|
| 336 |
|
|
|a text
|b txt
|2 rdacontent
|
| 337 |
|
|
|a unmediated
|b n
|2 rdamedia
|
| 338 |
|
|
|a volume
|b nc
|2 rdacarrier
|
| 520 |
|
|
|a Angus the cat helps thwart the theft of the famous Mona Lisa.
|
| 650 |
|
1 |
|a Art thefts
|x Fiction.
|
| 650 |
|
1 |
|a Cats
|x Fiction.
|
| 650 |
|
1 |
|a Mystery and detective stories.
|
| 999 |
|
|
|a MARS
|
| 999 |
f |
f |
|s 54404e14-a7ee-3d6d-a5d0-18786623835d
|i 4ea1b7ad-bf8f-3000-a529-b80b9073ac43
|t 0
|
| 952 |
f |
f |
|p ric
|a Texas A&M University
|b Rellis Campus
|c Joint Library Facility
|d Remote Storage
|t 0
|e PZ7.C7858 An
|h Library of Congress classification
|i unmediated -- volume
|m A14806054973
|
| 998 |
f |
f |
|a PZ7.C7858 An
|t 0
|l Remote Storage
|